Biblioteki Polonii Amerykańskiej
Biblioteka Instytutu Józefa Piłsudskiego w Ameryce
Library of the Józef Piłsudski Institute of America
Biblioteka imienia Alfreda Jurzykowskiego Polskiego Instytutu Naukowego w Ameryce
The Alfred Jurzykowski Memorial Library of the Polish Institute of Arts & Sciences of America
Biblioteka Marjanczyków Polskiej Fundacji Kulturalnej
The Marjanczyk Library of the Polish Cultural Foundation

Biblioteka Fundacji Kościuszkowskiej
Library of the Kosciuszko Foundation

Profesor Piotr Łossowski : (Record no. 91085)

MARC details
000 -LEADER
fixed length control field 02287nam a2200637 i 4500
001 - CONTROL NUMBER
control field 991053157274705066
003 - CONTROL NUMBER IDENTIFIER
control field NyNyJPI
005 - DATE AND TIME OF LATEST TRANSACTION
control field 20260408203955.0
008 - FIXED-LENGTH DATA ELEMENTS--GENERAL INFORMATION
fixed length control field 250428s2025 pl cho |011 0dpol c
009 - PHYSICAL DESCRIPTION FIXED-FIELD FOR ARCHIVAL COLLECTION (VM) [OBSOLETE]
fixed length control field b1000006113535
015 ## - NATIONAL BIBLIOGRAPHY NUMBER
National bibliography number UWD 2025/36178
020 ## - INTERNATIONAL STANDARD BOOK NUMBER
International Standard Book Number 9788366911925
Qualifying information (oprawa miękka)
035 ## - SYSTEM CONTROL NUMBER
System control number (PL)b1000006113535
035 ## - SYSTEM CONTROL NUMBER
System control number (EXLNZ-48OMNIS_NETWORK)9914653517105606
040 ## - CATALOGING SOURCE
Original cataloging agency KR U
Transcribing agency KR U
Modifying agency OLSZT 003
-- WA N
-- KR U
-- LUBL KUL
-- GD U
-- TOR U
045 2# - TIME PERIOD OF CONTENT
Formatted 9999 B.C. through C.E. time period d1918
-- d2004
046 ## - SPECIAL CODED DATES
Beginning or single date created 2025
080 ## - UNIVERSAL DECIMAL CLASSIFICATION NUMBER
Field link and sequence number 1.1\x
Universal Decimal Classification number 94(438).08
080 ## - UNIVERSAL DECIMAL CLASSIFICATION NUMBER
Field link and sequence number 1.2\x
Universal Decimal Classification number 930.1(438)(091)"19"
080 ## - UNIVERSAL DECIMAL CLASSIFICATION NUMBER
Field link and sequence number 1.3\x
Universal Decimal Classification number 930.1(438)(091)"20"
084 ## - OTHER CLASSIFICATION NUMBER
Classification number 01
245 00 - TITLE STATEMENT
Title Profesor Piotr Łossowski :
Remainder of title historyk II Rzeczypospolitej, Litwy i Europy Środkowo-Wschodniej /
Statement of responsibility, etc. redakcja Marek Kornat, Paweł Libera.
246 30 - VARYING FORM OF TITLE
Title proper/short title Historyk II Rzeczypospolitej, Litwy i Europy Środkowo-Wschodniej
250 ## - EDITION STATEMENT
Edition statement Wydanie I.
260 ## - PUBLICATION, DISTRIBUTION, ETC.
Place of publication, distribution, etc. Warszawa :
Name of publisher, distributor, etc. Instytut Historii PAN,
Date of publication, distribution, etc. 2025.
300 ## - PHYSICAL DESCRIPTION
Extent 252 strony :
Other physical details faksymilia, fotografia, portret ;
Dimensions 24 cm.
336 ## - CONTENT TYPE
Content type term Tekst
Content type code txt
Source rdacontent
337 ## - MEDIA TYPE
Media type term Bez urządzenia pośredniczącego
Media type code n
Source rdamedia
338 ## - CARRIER TYPE
Carrier type term Wolumin
Carrier type code nc
Source rdacarrier
380 ## - FORM OF WORK
Form of work Książki
380 ## - FORM OF WORK
Form of work Publikacje naukowe
388 1# - TIME PERIOD OF CREATION
Time period of creation term 2001-
500 ## - GENERAL NOTE
General note Rozdziały lub artykuły tej książki skatalogowano pod własnymi tytułami. Dostępne pod tytułem pracy zbiorowej.
504 ## - BIBLIOGRAPHY, ETC. NOTE
Bibliography, etc. note Bibliografia prac Piotra Łossowskiego na stronach 225-245. Indeks.
600 17 - SUBJECT ADDED ENTRY--PERSONAL NAME
Personal name Łossowski, Piotr
Dates associated with a name (1925-2025)
Source of heading or term DBN
648 #7 - SUBJECT ADDED ENTRY--CHRONOLOGICAL TERM
Chronological term 1918-1939
Source of heading or term DBN
648 #7 - SUBJECT ADDED ENTRY--CHRONOLOGICAL TERM
Chronological term 1939-1945
Source of heading or term DBN
648 #7 - SUBJECT ADDED ENTRY--CHRONOLOGICAL TERM
Chronological term 1945-1989
Source of heading or term DBN
648 #7 - SUBJECT ADDED ENTRY--CHRONOLOGICAL TERM
Chronological term 1989-2000
Source of heading or term DBN
648 #7 - SUBJECT ADDED ENTRY--CHRONOLOGICAL TERM
Chronological term 2001-
Source of heading or term DBN
648 #7 - SUBJECT ADDED ENTRY--CHRONOLOGICAL TERM
Chronological term 1901-2000
Source of heading or term DBN
650 #7 - SUBJECT ADDED ENTRY--TOPICAL TERM
Topical term or geographic name entry element Historiografia polska
Source of heading or term DBN
650 #7 - SUBJECT ADDED ENTRY--TOPICAL TERM
Topical term or geographic name entry element Historycy
Source of heading or term DBN
650 #7 - SUBJECT ADDED ENTRY--TOPICAL TERM
Topical term or geographic name entry element Polityka międzynarodowa
Source of heading or term DBN
650 #7 - SUBJECT ADDED ENTRY--TOPICAL TERM
Topical term or geographic name entry element Polityka wewnętrzna
Source of heading or term DBN
651 #7 - SUBJECT ADDED ENTRY--GEOGRAPHIC NAME
Geographic name Europa Środkowo-Wschodnia
Source of heading or term DBN
651 #7 - SUBJECT ADDED ENTRY--GEOGRAPHIC NAME
Geographic name Litwa
Source of heading or term DBN
651 #7 - SUBJECT ADDED ENTRY--GEOGRAPHIC NAME
Geographic name Polska
Source of heading or term DBN
655 #7 - INDEX TERM--GENRE/FORM
Genre/form data or focus term Publikacja okolicznościowa
Source of term DBN
655 #7 - INDEX TERM--GENRE/FORM
Genre/form data or focus term Praca zbiorowa
Source of term DBN
658 ## - INDEX TERM--CURRICULUM OBJECTIVE
Main curriculum objective Historia
700 1# - ADDED ENTRY--PERSONAL NAME
Personal name Kornat, Marek
Dates associated with a name (1971- )
Relator term Redakcja
700 1# - ADDED ENTRY--PERSONAL NAME
Personal name Libera, Paweł
Dates associated with a name (1979- )
Relator term Redakcja
710 2# - ADDED ENTRY--CORPORATE NAME
Corporate name or jurisdiction name as entry element Instytut Historii (Polska Akademia Nauk)
Relator term Wydawca
Relationship pbl
942 ## - ADDED ENTRY ELEMENTS (KOHA)
Source of classification or shelving scheme Other/Generic Classification Scheme
Koha item type Books
Suppress in OPAC No
Holdings
Withdrawn status Lost status Source of classification or shelving scheme Damaged status Not for loan Home library Current library Date acquired Total checkouts Full call number Date last seen Price effective from Koha item type
    Other/Generic Classification Scheme   Not for loan Józef Piłsudski Institute Józef Piłsudski Institute 04/08/2026   K 1822 04/08/2026 04/08/2026 Books